Can you name all SOUR songs? - Statistics

General Stats
  • This quiz has been taken 10 times
  • The average score is 8 of 11
Answer Stats
Answer % Correct
drivers license
100%
brutal
89%
good 4 u
89%
traitor
89%
1 step forward, 3 steps back
78%
deja vu
67%
jealousy, jealousy
67%
enough for you
56%
favourite crime
56%
happier
56%
hope ur ok
56%
No matching quizzes found
Score Distribution
Percent of People with Each Score
Percentile by Number Answered
Your Score History
You have not taken this quiz